Music Quiz

Random Music Quiz

Do you know the facts about justin bieber? Quiz Stats

 Plays Quiz not verified by Sporcle

Support Sporcle.
Go Orange.
Score 0/12 Timer 10:00
0 Plays Today
hint answer % Correct
full nameJustin Drew Bieber
72.1%
whats his moms first namepattie
64.5%
what is his faviorte colourpurple
61.2%
when did he have his first kiss13
55.7%
date of birthMarch 1 1994
51.4%
faviorte girlbeyonce
19.1%
occupationsinger songwriter
5.5%
home townStratford Ontario Canda
3.8%
siblingshe has a brother and a sister
3.3%
musical influencesstevie wonder usher justin timberlake ne-yo
3.3%
whats his dads namejearmey
3.3%
instrumentsvocals guitar piano trumpet percussion
1.6%

You're not logged in!

Compare scores with friends on all Sporcle quizzes.
OR
Log In

From the Vault

Union Cities (1860)

by Scyphus

A house divided against itself cannot stand, but it can make for interesting trivia.
Remove Ads.
Support Sporcle.
Get the best of Sporcle when you Go Orange. This ad-free experience offers more features, more stats, and more fun while also helping to support Sporcle. Thank you for becoming a member.

Show Comments

Extras

Created Mar 12, 2011ReportNominate
Tags:Justin Bieber

Top Quizzes Today


Score Distribution

Your Account Isn't Verified!

In order to create a playlist on Sporcle, you need to verify the email address you used during registration. Go to your Sporcle Settings to finish the process.

Report this User

Report this user for behavior that violates our Community Guidelines.

Details: